John William Wallace correspondence, (Record no. 42451)

MARC details
000 -LEADER
fixed length control field 01157cpcaa2200301 a 4500
001 - CONTROL NUMBER
control field mm 80002078
003 - CONTROL NUMBER IDENTIFIER
control field DLC
005 - DATE AND TIME OF LATEST TRANSACTION
control field 20260227111659.0
008 - FIXED-LENGTH DATA ELEMENTS--GENERAL INFORMATION
fixed length control field 800115|||||||||||| eng
010 ## - LIBRARY OF CONGRESS CONTROL NUMBER
LC control number mm 80002078
040 ## - CATALOGING SOURCE
Original cataloging agency DLC
Transcribing agency DLC
Modifying agency DLC
Description conventions dacs
072 #7 - SUBJECT CATEGORY CODE
Subject category code L
Source lcmd
100 1# - MAIN ENTRY--PERSONAL NAME
Personal name Wallace, John William,
Dates associated with a name 1815-1884.
245 00 - TITLE STATEMENT
Title John William Wallace correspondence,
Inclusive dates 1863.
300 ## - PHYSICAL DESCRIPTION
Extent 1
Type of unit item.
506 0# - RESTRICTIONS ON ACCESS NOTE
Terms governing access Open to research.
520 0# - SUMMARY, ETC.
Summary, etc. ALS (1863 June 28) written by Wallace to John Romeyn Brodhead relating to Wallace's gift to Brodhead of a copy of Pennsylvania Archives (1852-1856).
545 0# - BIOGRAPHICAL OR HISTORICAL DATA
Biographical or historical data Lawyer, author, and librarian.
546 ## - LANGUAGE NOTE
Language note Collection material in English.
580 ## - LINKING ENTRY COMPLEXITY NOTE
Linking entry complexity note Forms part of: Miscellaneous Manuscripts collection.
600 10 - SUBJECT ADDED ENTRY--PERSONAL NAME
Personal name Brodhead, John Romeyn,
Dates associated with a name 1814-1873
Form subdivision Correspondence.
651 #0 - SUBJECT ADDED ENTRY--GEOGRAPHIC NAME
Geographic name Pennsylvania
General subdivision Archival resources.
656 #7 - INDEX TERM--OCCUPATION
Occupation Authors.
Source of term itoamc
656 #7 - INDEX TERM--OCCUPATION
Occupation Lawyers.
Source of term itoamc
656 #7 - INDEX TERM--OCCUPATION
Occupation Librarians.
Source of term itoamc

No items available.

Powered by Koha